|
|
|
|
| LEADER |
00000cam a2200000 7i4500 |
| 001 |
0000001089 |
| 005 |
20131222.0 |
| 020 |
0 |
0 |
|a 9812300694
|
| 090 |
0 |
0 |
|a 347.509
|b DRE 2000
|
| 245 |
0 |
0 |
|a DREAMS and dilemmas :
|b Economic friction and dispute resolution in the Asia-Pacific
|c edited by Koichi Hamada, Mitsuo Matsushita and Chikara Komura
|
| 260 |
0 |
0 |
|a Singapore :
|b Institute of Southeast Asian Studies ,
|c 2000
|
| 300 |
|
|
|a xxi, 494 p. :
|b ill. ;
|c 23 cm.
|
| 500 |
0 |
0 |
|a Includes bibliographical references and index
|
| 650 |
0 |
0 |
|a Dispute resolution (Law)
|z Asia
|
| 650 |
0 |
0 |
|a Dispute resolution (Law)
|z Pacific Area
|
| 650 |
0 |
0 |
|a Environmental mediation
|
| 650 |
0 |
0 |
|a Telecommunication policy
|
| 651 |
0 |
0 |
|a Asia
|x Commercial policy
|
| 651 |
0 |
0 |
|a Asia
|x Foreign economic relations
|
| 651 |
0 |
0 |
|a Pacific Area
|x Commercial policy
|
| 651 |
0 |
0 |
|a Pacific Area
|x Foreign economic relations
|
| 700 |
0 |
1 |
|a Hamada
|h Koichi ,
|c 1936-
|
| 700 |
0 |
1 |
|a Komura
|h Chikara
|
| 700 |
0 |
1 |
|a Matsushita
|h Mitsuo ,
|c 1933-
|
| 710 |
1 |
1 |
|a Institute of Southeast Asian Studies (ISEAS)
|
| 998 |
|
|
|a JPSM
|
| 999 |
|
|
|a 0000002358
|b Monograph
|c Open Shelf
|e Default branch
|